000 00913pab a2200181 454500
008 180718b2001 xxu||||| |||| 00| 0 eng d
100 _aMalick, M.H.
245 _aPower sector future: Problems and prospects
260 _c2001
300 _ap.371-384.
362 _aJul-Sep
520 _aThe article focuses mainly on the role of state as a regulator in an open and competitive environment. The authors analyse the factors that lie behind Dhabol Power Project experience. They exphasise that while planning and formulating projects, one should not lose sight of techno-economical aspects, social commitments and other fundamentals. IPPs and newer sources of power have been suggested as alternatives for local and domestic power requirements. - Reproduced
650 _aPower industry
700 _aMurthy, A.V.K.
773 _aIndian Journal of Public Administration
908 _aN
909 _a50625
999 _c50625
_d50625